Фундаментальные аспекты химии нефти; Природа смол и асфальтенов

ग्रंथसूची विवरण
मुख्य लेखक: Унгер Ф. Г. Феликс Гергардович
अन्य लेखक: Андреева Л. Н. Лидия Николаевна
भाषा:रूसी
प्रकाशित: Новосибирск, Наука, 1995
विषय:
स्वरूप: पुस्तक
KOHA link:https://koha.lib.tpu.ru/cgi-bin/koha/opac-detail.pl?biblionumber=23214

MARC

LEADER 00000nam0a2200000 4500
001 23214
005 20231030195143.0
010 |a 5020306053 
035 |a (RuTPU)RU\TPU\book\23432 
035 |a BOOK00023504 
090 |a 23214 
100 |a 20011209d1995 k y0rusy50 ca 
101 0 |a rus 
102 |a RU 
105 |a a z 001zy 
200 1 |a Фундаментальные аспекты химии нефти  |a Природа смол и асфальтенов  |f Ф. Г. Унгер, Л. Н. Андреева 
210 |a Новосибирск  |c Наука  |d 1995 
215 |a 192 с. 
320 |a Библиография в конце глав 
606 1 |a Нефть  |x Химия  |2 stltpush  |3 (RuTPU)RU\TPU\subj\33709 
610 1 |a смолы 
610 1 |a асфальтены 
610 1 |a дисперсии 
610 1 |a исследования 
610 1 |a особенности 
610 1 |a библиотека А. Г. Стромберга 
675 |a 665.6  |v 3 
700 1 |a Унгер  |b Ф. Г.  |g Феликс Гергардович 
701 1 |a Андреева  |b Л. Н.  |g Лидия Николаевна 
801 0 |a RU  |b 63413507  |c 20011209  |g PSBO 
801 2 |a RU  |b 63413507  |c 20200128  |g PSBO 
942 |c BK